Struts (Record no. 671)
[ view plain ]
| 000 -LEADER | |
|---|---|
| fixed length control field | 00604nam a22002177a 4500 |
| 008 - FIXED-LENGTH DATA ELEMENTS--GENERAL INFORMATION | |
| fixed length control field | 150410b xxu||||| |||| 00| 0 eng d |
| 020 ## - INTERNATIONAL STANDARD BOOK NUMBER | |
| International Standard Book Number | 9780072263862 |
| 020 ## - INTERNATIONAL STANDARD BOOK NUMBER | |
| International Standard Book Number | 0072263865 |
| 041 0# - LANGUAGE CODE | |
| Language code of text/sound track or separate title | eng |
| 080 ## - UNIVERSAL DECIMAL CLASSIFICATION NUMBER | |
| Universal Decimal Classification number | 004 |
| 100 1# - Rafti | |
| Rafti | Holmes, James. |
| 245 10 - TITLE STATEMENT | |
| Title | Struts |
| Statement of responsibility, etc | James Holmes. |
| 250 ## - | |
| -- | 2nd ed. |
| 260 ## - | |
| -- | New York : |
| -- | McGraw-Hill, |
| -- | 2007. |
| 300 ## - | |
| -- | 528 f.: |
| -- | me il.; |
| -- | 24 cm. |
| 505 ## - | |
| -- | Index: f.517-528 |
| 650 #0 - | |
| -- | Kompjuterët |
| 650 #0 - | |
| -- | Gjuha programuese |
| 700 1# - | |
| -- | Schildt, Herbert. |
| 942 ## - ADDED ENTRY ELEMENTS (KOHA) | |
| Source of classification or shelving scheme | |
| Item type | Books |
| Withdrawn status | Lost status | Source of classification or shelving scheme | Damaged status | Not for loan | Collection code | Permanent location | Current location | Shelving location | Date acquired | Total Checkouts | Full call number | Barcode | Date last seen | Koha item type | Price effective from |
|---|---|---|---|---|---|---|---|---|---|---|---|---|---|---|---|
| Koleksioni i përgjithshem | UBT - Lipjan | UBT - Lipjan | Koleksioni i përgjithshem | 04/10/2015 | 004 HOL | 002-018154 | 04/10/2015 | Books | |||||||
| Koleksioni i përgjithshem | UBT - Lipjan | UBT - Lipjan | Koleksioni i përgjithshem | 02/24/2016 | 004 HOL | 002-018155 | 02/24/2016 | Books | 02/24/2016 | ||||||
| Koleksioni i përgjithshem | UBT - Lipjan | UBT - Lipjan | Koleksioni i përgjithshem | 02/24/2016 | 004 HOL | 002-018156 | 02/24/2016 | Books | 02/24/2016 | ||||||
| Koleksioni i përgjithshem | UBT - Lipjan | UBT - Lipjan | Koleksioni i përgjithshem | 02/24/2016 | 004 HOL | 002-018157 | 02/24/2016 | Books | 02/24/2016 | ||||||
| Koleksioni i përgjithshem | UBT - Lipjan | UBT - Lipjan | Koleksioni i përgjithshem | 02/24/2016 | 004 HOL | 002-018158 | 02/24/2016 | Books | 02/24/2016 | ||||||
| Koleksioni i përgjithshem | UBT - Lipjan | UBT - Lipjan | Koleksioni i përgjithshem | 02/24/2016 | 004 HOL | 002-018159 | 02/24/2016 | Books | 02/24/2016 | ||||||
| Koleksioni i përgjithshem | UBT - Lipjan | UBT - Lipjan | Koleksioni i përgjithshem | 02/24/2016 | 004 HOL | 002-018160 | 02/24/2016 | Books | 02/24/2016 | ||||||
| Koleksioni i përgjithshem | UBT - Lipjan | UBT - Lipjan | Koleksioni i përgjithshem | 02/24/2016 | 004 HOL | 002-018161 | 02/24/2016 | Books | 02/24/2016 | ||||||
| Koleksioni i përgjithshem | UBT - Lipjan | UBT - Lipjan | Koleksioni i përgjithshem | 02/24/2016 | 004 HOL | 002-018162 | 02/24/2016 | Books | 02/24/2016 | ||||||
| Koleksioni i përgjithshem | UBT - Lipjan | UBT - Lipjan | Koleksioni i përgjithshem | 02/24/2016 | 004 HOL | 002-018163 | 02/24/2016 | Books | 02/24/2016 |